El enigma de la almeja

में बचाया:
ग्रंथसूची विवरण
मुख्य लेखक: González Villanueva, Gustavo
स्वरूप: पुस्तक
भाषा:Undetermined
प्रकाशित: San José, Costa Rica Ediciones Promesa 1996
विषय:
टैग: टैग जोड़ें
कोई टैग नहीं, इस रिकॉर्ड को टैग करने वाले पहले व्यक्ति बनें!

MARC

LEADER 00000nam a2200000Ia 4500
008 170316s9999 xx 000 0 und d
040 |a cru BVZT 
090 |a 860 G-25e 
100 |a González Villanueva, Gustavo 
245 |a El enigma de la almeja 
260 |a San José, Costa Rica 
260 |b Ediciones Promesa 
260 |c 1996 
300 |a 82 páginas 
650 |a LITERATURA LATINOAMERICANA 
650 |a POESÍA GUATEMALTECA 
999 |c 8741  |d 8741 
942 |c 15 D  |h 860 G-25e  |2 z